Name the 8 Cricket players #1 - Statistics

General Stats
  • This quiz has been taken 216 times
  • The average score is 7 of 8
Answer Stats
Picture Answer % Correct
Sachin Tendulkar
95%
Chris Gayle
91%
Shane Warne
91%
Ricky Ponting
90%
Joe Root
87%
David Warner
86%
Eoin Morgan
77%
Ishant Sharma
74%
No matching quizzes found
Score Distribution
Percent of People with Each Score
Percentile by Number Answered
Your Score History
You have not taken this quiz